| 000 | 01050nam a22002897a 4500 | ||
|---|---|---|---|
| 003 | OSt | ||
| 005 | 20230630031249.0 | ||
| 008 | 230630b |||||||| |||| 00| 0 eng d | ||
| 020 | _a9788131255070 | ||
| 040 |
_aMMU _beng _cMMU _dMMU |
||
| 050 | 0 | 0 |
_aRK652.5 _b.P47 2019 |
| 060 | 0 | 0 | _aWU 190 |
| 082 | 0 | 0 |
_a617.6/95 _223 |
| 100 | _aEdited by Sakaguchi ron | ||
| 245 | 1 | 0 |
_aCraig's restorative dental materials / _cedited by Ronald Sakaguchi, DDS, MS, PhD, MBA, Jack Ferracane, PhD, John Powers, PhD. |
| 260 |
_aSt. Louis, Missouri: _bElsevier, _c2019. |
||
| 300 |
_axii, 340 pages : _billustrations (some color) ; _c26 cm |
||
| 500 | _aEarliest editions bear the title: Restorative dental materials. | ||
| 504 | _aIncludes bibliographical references and index. | ||
| 650 | 0 | _aDental materials. | |
| 650 | 1 | 2 | _aDental Materials |
| 650 | 2 | 2 | _aDental Atraumatic Restorative Treatment |
| 700 | 1 |
_aSakaguchi, Ronald L., _eeditor. |
|
| 700 | 1 |
_aFerracane, Jack L., _eeditor. |
|
| 700 | 1 |
_aPowers, John M., _d1946- _eeditor. |
|
| 942 |
_2lcc _cLOAN LOAN |
||
| 999 |
_c32608 _d32605 |
||